[Event "Vilafranca del Penedes op 10th"]
[Site "Vilafranca del Penedes"]
[Date "2016.05.13"]
[Round "7.1"]
[White "Rodriguez Becerro, Miquel"]
[Black "Esplugas Esteve, Vicenc"]
[Result "0-1"]
[WhiteElo "2152"]
[BlackElo "2379"]
[PlyCount "100"]
[EventDate "2016.04.01"]
[EventType "swiss"]
[EventRounds "8"]
[EventCountry "ESP"]
[SourceTitle "EXT 2024"]
[Source "ChessBase"]
[SourceDate "2023.10.10"]
[SourceVersion "1"]
[SourceVersionDate "2023.10.10"]
[SourceQuality "1"]

1. Nf3 Nf6 2. g3 d5 3. Bg2 c5 4. d3 Nc6 5. Nbd2 e5 6. e4 Be7 7. 0-0 0-0 8. exd5 Nxd5 9. Nc4 f6 10. a4 Be6 11. Re1 Qd7 12. Qe2 Rad8 13. Bd2 Rfe8 14. Qf1 Bf8 15. a5 Qc7 16. c3 Qd7 17. Rad1 Nc7 18. Be3 Nb5 19. Qe2 Bf5 20. Bf1 Bg4 21. Bg2 Qf5 22. Bc1 Nbd4 23. cxd4 exd4 24. Qxe8 Rxe8 25. Rxe8 Bxf3 26. Nd6 Qh5 27. Bxf3 Qxf3 28. Rde1 g5 29. h4 h6 30. hxg5 hxg5 31. Ne4 Qf5 32. Bd2 Kg7 33. Kg2 Qd7 34. Nxf6 Kxf6 35. Rxf8+ Kg7 36. Rfe8 b5 37. axb6 axb6 38. R1e4 g4 39. R8e6 Kf7 40. Rh6 Qd5 41. Bf4 Nb4 42. Rd6 Qb7 43. Rde6 Nxd3 44. Bd6 Qd5 45. Re7+ Kf6 46. Bc7 b5 47. Kg1 Qf5 48. Bf4 Nxf4 49. gxf4 d3 50. R7e5 Qxe4 0-1

[Event "Vilafranca del Penedes op 8th"]
[Site "Vilafranca del Penedes"]
[Date "2014.04.11"]
[Round "3"]
[White "Vinas Racionero, Josep Claudi"]
[Black "Rodriguez Becerro, Miquel"]
[Result "1/2-1/2"]
[WhiteElo "2122"]
[BlackElo "2183"]
[PlyCount "30"]
[EventDate "2014.03.28"]
[EventType "swiss"]
[EventRounds "8"]
[EventCountry "ESP"]
[SourceTitle "EXT 2015"]
[Source "ChessBase"]
[SourceDate "2014.11.20"]
[SourceVersion "1"]
[SourceVersionDate "2014.11.20"]
[SourceQuality "1"]

1. e4 d6 2. d4 Nf6 3. Nc3 g6 4. Be3 c6 5. h3 Qa5 6. Bd3 Na6 7. a3 Bg7 8. Qd2 Nb4 9. Bf1 Nxe4 10. Qc1 Na6 11. b4 Nxb4 12. axb4 Qxb4 13. Ra3 Nxc3 14. Bd2 Bh6 15. Rb3 Qxd4 1/2-1/2

[Event "Vilafranca del Penedes op 6th"]
[Site "Vilafranca del Penedes"]
[Date "2012.04.13"]
[Round "1"]
[White "Rodriguez Becerro, Miquel"]
[Black "Marti Palomero, Sergi"]
[Result "1-0"]
[WhiteElo "2100"]
[BlackElo "1648"]
[PlyCount "85"]
[EventDate "2012.04.13"]
[EventType "swiss"]
[EventRounds "8"]
[EventCountry "ESP"]
[SourceTitle "CBM 148 Extra"]
[Source "ChessBase"]
[SourceDate "2012.06.22"]
[SourceVersion "1"]
[SourceVersionDate "2012.06.22"]
[SourceQuality "1"]

1. d4 Nf6 2. Nf3 d5 3. c4 c6 4. Nc3 e6 5. g3 h6 6. Bg2 Bd6 7. Qc2 Nbd7 8. 0-0 0-0 9. b3 b6 10. Bf4 Qc7 11. e3 Bb7 12. Rac1 dxc4 13. Bxd6 Qxd6 14. bxc4 c5 15. Rfd1 Rfd8 16. d5 exd5 17. cxd5 Ne5 18. Nh4 Ne8 19. f4 Ng4 20. Qe2 Bc8 21. e4 c4 22. Qd2 Qc5+ 23. Qd4 Qxd4+ 24. Rxd4 Ne3 25. Bf3 a6 26. Kf2 Ng4+ 27. Bxg4 Bxg4 28. Rxc4 Bd7 29. e5 Rdc8 30. Ne4 Rxc4 31. Rxc4 Rc8 32. Rxc8 Bxc8 33. Nf3 g6 34. Ke3 Kf8 35. d6 Be6 36. a3 Kg7 37. Kd4 f6 38. Nc3 fxe5+ 39. fxe5 Kf7 40. Na4 b5 41. Nc5 Bg4 42. d7 Nc7 43. d8Q 1-0

[Event "Vilafranca del Penedes op 5th"]
[Site "Vilafranca del Penedes"]
[Date "2011.05.27"]
[Round "7.7"]
[White "Vilella Bertran, Joan"]
[Black "Rodriguez Becerro, Miquel"]
[Result "0-1"]
[WhiteElo "1920"]
[BlackElo "2127"]
[PlyCount "104"]
[EventDate "2011.04.08"]
[EventType "swiss"]
[EventRounds "8"]
[EventCountry "ESP"]
[SourceTitle "EXT 2024"]
[Source "ChessBase"]
[SourceDate "2023.10.10"]
[SourceVersion "1"]
[SourceVersionDate "2023.10.10"]
[SourceQuality "1"]

1. c4 c5 2. g3 Nf6 3. Nc3 d5 4. cxd5 Nxd5 5. Bg2 Nc7 6. d3 Nc6 7. Be3 e5 8. Rc1 Bd7 9. Nf3 Be7 10. 0-0 0-0 11. Nd2 Rb8 12. Na4 b6 13. a3 Nd4 14. Bxd4 exd4 15. b3 Qe8 16. e3 dxe3 17. fxe3 Rd8 18. Nc3 Nb5 19. Nd5 Bg5 20. Ne4 Bc6 21. Nxg5 Bxd5 22. e4 Bb7 23. Rf4 f6 24. Nf3 g5 25. Rf5 Bxe4 26. Rxg5+ fxg5 27. Nxg5 Bxg2 28. Kxg2 Nd4 29. Ne4 Qg6 30. b4 cxb4 31. Rc7 Rf7 32. Rxf7 Kxf7 33. Qa4 Nc6 34. Qb3+ Kf8 35. axb4 Nd4 36. Qa3 Qf7 37. b5+ Kg7 38. Qc1 Rd5 39. Qd1 Qf5 40. g4 Qf4 41. h3 Rxb5 42. Qa1 Qf3+ 43. Kg1 Qe3+ 44. Kg2 Ra5 45. Qb2 Qxd3 46. Nf2 Qf3+ 47. Kf1 Qf6 48. Kg2 Ne6 49. Qd2 Nc5 50. g5 Qe5 51. Ng4 Qe4+ 52. Kg3 Qd3+ 0-1

[Event "Vilafranca del Penedes op 4th"]
[Site "Vilafranca del Penedes"]
[Date "2010.05.14"]
[Round "5.2"]
[White "Rodriguez Becerro, Miquel"]
[Black "Codina Feixes, Josep"]
[Result "1-0"]
[WhiteElo "2101"]
[BlackElo "2148"]
[PlyCount "51"]
[EventDate "2010.04.16"]
[EventType "swiss"]
[EventRounds "8"]
[EventCountry "ESP"]
[SourceTitle "EXT 2024"]
[Source "ChessBase"]
[SourceDate "2023.10.10"]
[SourceVersion "1"]
[SourceVersionDate "2023.10.10"]
[SourceQuality "1"]

1. Nf3 d5 2. g3 c5 3. Bg2 f6 4. d3 e5 5. e4 Ne7 6. exd5 Nxd5 7. 0-0 Nc6 8. c3 Be6 9. Re1 Qd7 10. d4 exd4 11. Bh3 Nc7 12. Bf4 Bd6 13. Bxd6 Qxd6 14. Qb3 Ne5 15. Nxe5 Bxb3 16. Nc4+ Qe7 17. Rxe7+ Kxe7 18. axb3 b5 19. Na5 Kd6 20. Nb7+ Kc6 21. Bg2+ Kb6 22. Nd2 dxc3 23. bxc3 Rhe8 24. Nd6 Re6 25. N2c4+ bxc4 26. Nxc4+ 1-0

[Event "Vilafranca del Penedes op 3rd"]
[Site "Vilafranca del Penedes"]
[Date "2009.05.08"]
[Round "3.5"]
[White "Rodriguez Becerro, Miquel"]
[Black "Lluverol Torrents, Salvador"]
[Result "1-0"]
[WhiteElo "2119"]
[BlackElo "2019"]
[PlyCount "55"]
[EventDate "2009.04.17"]
[EventType "swiss"]
[EventRounds "8"]
[EventCountry "ESP"]
[SourceTitle "EXT 2024"]
[Source "ChessBase"]
[SourceDate "2023.10.10"]
[SourceVersion "1"]
[SourceVersionDate "2023.10.10"]
[SourceQuality "1"]

1. e4 c5 2. Nf3 Nc6 3. d4 cxd4 4. Nxd4 g6 5. c4 Nf6 6. Nc3 d6 7. Nc2 Bg7 8. Be2 Be6 9. 0-0 0-0 10. Ne3 Rc8 11. Bd2 Nd4 12. Bd3 Nd7 13. Ncd5 Ne5 14. Bc3 Ndc6 15. Be2 Re8 16. Qd2 Qd7 17. f4 Ng4 18. Bxg7 Nxe3 19. Nxe3 Kxg7 20. f5 Ne5 21. fxe6 Qxe6 22. Kh1 h5 23. h3 a6 24. Rac1 Rc6 25. b3 Rec8 26. Nd5 Qd7 27. Qd4 Qd8 28. Nb4 1-0

[Event "Catalunya-chT"]
[Site "Spain"]
[Date "2004.??.??"]
[Round "6"]
[White "Codina Feixes, Josep"]
[Black "Rodriguez Becerro, Miquel"]
[Result "1-0"]
[WhiteElo "2225"]
[BlackElo "2165"]
[PlyCount "105"]
[EventDate "2004.??.??"]
[EventType "team"]
[EventRounds "9"]
[EventCountry "ESP"]
[SourceTitle "EXT 2007"]
[Source "ChessBase"]
[SourceDate "2006.11.23"]
[SourceVersion "1"]
[SourceVersionDate "2006.11.23"]
[SourceQuality "1"]

1. d4 d6 2. g3 g6 3. Bg2 Bg7 4. Nf3 Nf6 5. b3 0-0 6. Bb2 c6 7. 0-0 Bg4 8. h3 Bxf3 9. Bxf3 a5 10. c4 Nbd7 11. Qc2 Nb6 12. Nc3 d5 13. cxd5 Nbxd5 14. e4 Nb4 15. Qd2 Qc7 16. a3 Na6 17. Rac1 Rad8 18. Na4 Qd7 19. Kg2 Qe6 20. Qe3 h5 21. Nc5 Nxc5 22. Rxc5 b6 23. Rc2 Kh7 24. Re1 Bh6 25. Qc3 Rc8 26. Bc1 Bg7 27. Qe3 Rfd8 28. Bd1 Ne8 29. Bb2 Nc7 30. Be2 Qd7 31. Rd1 Bh6 32. Qf3 e6 33. Rdc1 Bxc1 34. Bxc1 f5 35. Qf4 Qg7 36. Bf3 fxe4 37. Bxe4 Nd5 38. Qg5 Nf6 39. Bf3 Kg8 40. Bxc6 Rd6 41. Qb5 Nd5 42. Rc4 Ne7 43. d5 Kh7 44. Bf4 exd5 45. Bxd6 dxc4 46. Bd7 Rd8 47. Bc7 Rf8 48. bxc4 Qd4 49. Bxb6 Qe4+ 50. Kh2 Rb8 51. Qxa5 Qxc4 52. Qa7 Rf8 53. Bc5 1-0